Project management : the managerial process (Record no. 216516)

MARC details
000 -LEADER
fixed length control field 00440nam a2200157Ia 4500
008 - FIXED-LENGTH DATA ELEMENTS--GENERAL INFORMATION
fixed length control field 231221s9999 xx 000 0 und d
020 ## - INTERNATIONAL STANDARD BOOK NUMBER
International Standard Book Number 9780000000000
041 ## - LANGUAGE CODE
Language code of text/sound track or separate title English
082 ## - DEWEY DECIMAL CLASSIFICATION NUMBER
Classification number 658.404 GRA;1
100 ## - MAIN ENTRY--PERSONAL NAME
Personal name Gray, Clifford F. Larson, Erik W. Desai, Gautam V.
245 #0 - TITLE STATEMENT
Title Project management : the managerial process
250 ## - EDITION STATEMENT
Edition statement 4th ed.
260 ## - PUBLICATION, DISTRIBUTION, ETC.
Date of publication, distribution, etc. 2010
Name of publisher, distributor, etc. Tata McGraw-Hill
Place of publication, distribution, etc. New Delhi
300 ## - PHYSICAL DESCRIPTION
Extent xxi, 706
942 ## - ADDED ENTRY ELEMENTS (KOHA)
Koha item type Business Management Library
Holdings
Date last seen Total checkouts Full call number Accession number Date last checked out Cost, total (INR) price Price effective from Category Lost status Damaged status Department Withdrawn status Home library Current library Shelving location Entry date Vendor Cost, normal purchase price Grants Billnumber Billdate Currency symbol Conversion rate Discount Old discount Date due
26/01/2024   658.404 GRA;3 R1 BM2173   446.25 26/01/2024 Business Management Library     Central Library   Central Library Central Library Central Library   Book Paradise 595.00 BM 73717 24/08/2022 RS 1 148.75 25  
30/09/2024 1 658.404 GRA;4 BM2174 30/09/2024 446.25 26/01/2024 Business Management Library     Central Library   Central Library Central Library Central Library   Book Paradise 595.00 BM 73717 24/08/2022 RS 1 148.75 25 14/10/2024
05/11/2025 2 658.404 GRA;1 BM2171 15/10/2025 446.25 26/01/2024 Business Management Library         Central Library Lending Library Central Library   Book Paradise 595.00 BM 73717 24/08/2022 RS 1 148.75 25  
11/05/2026 1 658.404 GRA;2 R BM2172 05/08/2025 446.25 26/01/2024 Business Management Library     Central Library   Central Library RFID Kiosk Central Library   Book Paradise 595.00 BM 73717 24/08/2022 RS 1 148.75 25  

© For any Suggestions or Query, please contact the library staff @ librarian@pes.edu or Phone: +9180 2672 1983/ 2108.